[Event "Asia-ch Seniors 65"]
[Site "Terelj"]
[Date "2024.08.17"]
[Round "8"]
[White "Baimurzin, Aitkazy"]
[Black "Furman, Boris"]
[Result "0-1"]
[WhiteElo "1897"]
[BlackElo "2146"]
[PlyCount "106"]
[EventDate "2024.08.10"]
[EventType "swiss"]
[EventRounds "9"]
[EventCountry "MGL"]
[SourceTitle "CB34_2024"]
[SourceDate "2024.08.21"]
[SourceVersion "1"]
[SourceVersionDate "2024.08.21"]
[SourceQuality "1"]

1. c4 e6 2. Nf3 Nf6 3. g3 d5 4. Bg2 d4 5. 0-0 c5 6. d3 Nc6 7. e4 e5 8. a3 Bd6 9. Nbd2 Bg4 10. h3 Bd7 11. Ne1 g6 12. Ndf3 Nh5 13. Nc2 a5 14. b3 0-0 15. Rb1 Qe8 16. Re1 Qc8 17. Bh6 Ng7 18. Kh2 f5 19. exf5 gxf5 20. Bd2 Qc7 21. Ng5 Ne7 22. b4 axb4 23. axb4 Bc6 24. bxc5 Bxc5 25. Nb4 Bxg2 26. Kxg2 Rae8 27. Qf3 h6 28. Nd5 Qd6 29. Rxb7 Nxd5 30. Qxd5+ Qxd5+ 31. cxd5 hxg5 32. Bxg5 Rf7 33. Rb5 Bd6 34. f3 Rc8 35. Re2 Rfc7 36. g4 Rc2 37. Rb2 Rxe2+ 38. Rxe2 Rc5 39. h4 Rxd5 40. Bc1 f4 41. Kh3 Ne6 42. g5 Nc5 43. Rd2 Nb3 44. Rc2 Rc5 45. Rxc5 Bxc5 46. Bb2 Bb4 47. Kg4 Nc5 48. Kf5 Nxd3 49. Bxd4 exd4 50. Ke4 Ne1 51. Kxd4 Bd6 52. Ke4 Kg7 53. h5 Kf7 0-1

[Event "Asia-ch Seniors 65"]
[Site "Terelj"]
[Date "2024.08.11"]
[Round "2"]
[White "Baimurzin, Aitkazy"]
[Black "Ivanova, Tatiana"]
[Result "0-1"]
[WhiteElo "1897"]
[BlackElo "2086"]
[PlyCount "77"]
[EventDate "2024.08.10"]
[EventType "swiss"]
[EventRounds "9"]
[EventCountry "MGL"]
[SourceTitle "CB34_2024"]
[SourceDate "2024.08.21"]
[SourceVersion "1"]
[SourceVersionDate "2024.08.21"]
[SourceQuality "1"]

1. c4 e6 2. g3 Nf6 3. Bg2 d5 4. Nf3 Be7 5. 0-0 0-0 6. b3 b6 7. Bb2 Bb7 8. e3 Nbd7 9. Qe2 c5 10. Nc3 Rc8 11. Rac1 a6 12. Ne1 Qc7 13. f4 d4 14. Nd1 dxe3 15. dxe3 Ne4 16. Nf2 Nxf2 17. Rxf2 Bf6 18. Bxf6 Nxf6 19. e4 e5 20. Nc2 Rcd8 21. Rcf1 Rfe8 22. f5 Qd6 23. Ne3 Bxe4 24. Bxe4 Nxe4 25. f6 Nxf2 26. Rxf2 Qd3 27. Qg4 Qg6 28. Qh3 gxf6 29. Nd5 Rxd5 30. cxd5 e4 31. Qd7 Re5 32. d6 e3 33. Re2 Qd3 34. Qc8+ Kg7 35. Qg4+ Rg5 36. Qc4 Qxd6 37. Rxe3 Qd1+ 38. Kg2 Qd5+ 39. Re4 0-1

[Event "Asia-ch Seniors"]
[Site "Tagaytay City"]
[Date "2023.10.18"]
[Round "5"]
[White "Baimurzin, Aitkazy"]
[Black "Pacis, Adrian"]
[Result "1-0"]
[WhiteElo "1752"]
[BlackElo "1998"]
[PlyCount "61"]
[EventDate "2023.10.15"]
[EventType "swiss"]
[EventRounds "9"]
[EventCountry "PHI"]
[SourceTitle "Mega2024 Update 01"]
[Source "Chessbase"]
[SourceDate "2023.11.12"]
[SourceVersion "1"]
[SourceVersionDate "2023.11.12"]
[SourceQuality "1"]

1. Nf3 Nf6 2. g3 g6 3. b3 Bg7 4. Bb2 0-0 5. Bg2 d6 6. 0-0 e5 7. d3 Nbd7 8. c4 Nh5 9. Nc3 f5 10. e4 f4 11. g4 Nhf6 12. h3 c5 13. a3 Ne8 14. b4 b6 15. b5 Nc7 16. a4 Ne6 17. a5 Rb8 18. Nd5 g5 19. Nd2 Rf7 20. Bf3 Ndf8 21. Ra4 Ng6 22. Qe2 Nh4 23. Rfa1 Bb7 24. axb6 axb6 25. R1a2 Bf6 26. Qd1 Rg7 27. Kf1 Rg6 28. Ke2 Rh6 29. Qf1 Ng6 30. Kd1 Nd4 31. Ra7 1-0

[Event "Aktobe Dvorkovich Rapid op"]
[Site "Aktobe"]
[Date "2022.06.21"]
[Round "8"]
[White "Baimurzin, Aitkazy"]
[Black "Urazayev, Arystanbek"]
[Result "1-0"]
[WhiteElo "1971"]
[BlackElo "2435"]
[PlyCount "112"]
[EventDate "2022.06.21"]
[EventType "swiss (rapid)"]
[EventRounds "9"]
[EventCountry "KAZ"]
[SourceTitle "CBM 209 Extra"]
[Source "ChessBase"]
[SourceDate "2022.09.30"]
[SourceVersion "1"]
[SourceVersionDate "2022.09.30"]
[SourceQuality "1"]

1. Na3 e5 2. g3 d5 3. Bg2 Nf6 4. c4 d4 5. d3 c5 6. Nf3 Nc6 7. 0-0 Bd6 8. Nc2 0-0 9. a3 Re8 10. b4 e4 11. dxe4 Nxe4 12. Bb2 b6 13. Nd2 f5 14. e3 cxb4 15. Nxe4 fxe4 16. Nxd4 Bb7 17. Nxc6 Bxc6 18. axb4 Bxb4 19. Qg4 Qe7 20. h4 Qd7 21. Qh5 Qf7 22. Qe2 Bc5 23. Bd4 a5 24. Qb2 Reb8 25. Rfd1 Bb4 26. Bf1 Bd7 27. Be5 Re8 28. Bd6 Bg4 29. Rd4 Bc5 30. Bxc5 bxc5 31. Rd5 Rab8 32. Qd2 Bf3 33. Rxc5 a4 34. Qd5 Qxd5 35. cxd5 Rec8 36. Rxc8+ Rxc8 37. d6 Rc6 38. d7 Rd6 39. Rxa4 Rxd7 40. Ra1 Rd2 41. Bg2 h6 42. Bxf3 exf3 43. g4 Kf7 44. Ra4 g5 45. hxg5 hxg5 46. Ra5 Kg6 47. Rf5 Rd1+ 48. Kh2 Rf1 49. Rxf3 Ra1 50. Kg2 Ra4 51. Kg3 Ra1 52. Rf8 Kg7 53. Rb8 Kf6 54. Rb6+ Ke5 55. Rg6 Rg1+ 56. Kf3 Kd5 1-0

[Event "Wch Seniors 50 29th"]
[Site "Bucharest"]
[Date "2019.11.21"]
[Round "9"]
[White "Ivanov, Sergei V"]
[Black "Baimurzin, Aitkazy"]
[Result "1-0"]
[WhiteElo "2138"]
[BlackElo "1995"]
[PlyCount "87"]
[EventDate "2019.11.12"]
[EventType "swiss"]
[EventRounds "11"]
[EventCountry "ROU"]
[SourceTitle "CBM 193 Extra"]
[Source "ChessBase"]
[SourceDate "2020.01.31"]
[SourceVersion "1"]
[SourceVersionDate "2020.01.31"]
[SourceQuality "1"]

1. e4 g6 2. d4 Bg7 3. Nc3 a6 4. Bc4 Nc6 5. Nf3 d6 6. h3 Nf6 7. Bb3 0-0 8. 0-0 e6 9. Bg5 h6 10. Bh4 Qe8 11. a3 b5 12. Re1 Na5 13. Ba2 Bb7 14. Qd2 Nd7 15. Rad1 Nc4 16. Qc1 f6 17. Nd2 Ncb6 18. Nf1 Qe7 19. e5 d5 20. exf6 Nxf6 21. Ne3 Rae8 22. Nexd5 exd5 23. Rxe7 Rxe7 24. Qd2 g5 25. Bg3 Nh5 26. Qd3 Nf4 27. Bxf4 Rxf4 28. Qg6 c6 29. Kf1 Rf6 30. Qh5 Rfe6 31. g3 Bc8 32. Rd2 Bd7 33. Re2 Bxd4 34. Rxe6 Rxe6 35. Nd1 Rf6 36. c3 Bc5 37. Kg2 Na8 38. h4 gxh4 39. Bxd5+ Kg7 40. Bf3 h3+ 41. Kg1 Bc8 42. Bg4 Be6 43. Bxe6 Rxe6 44. Qg4+ 1-0

[Event "Wch Seniors 50 29th"]
[Site "Bucharest"]
[Date "2019.11.16"]
[Round "5"]
[White "Jhunjhnuwala, Ramesh"]
[Black "Baimurzin, Aitkazy"]
[Result "1-0"]
[WhiteElo "2206"]
[BlackElo "1995"]
[PlyCount "91"]
[EventDate "2019.11.12"]
[EventType "swiss"]
[EventRounds "11"]
[EventCountry "ROU"]
[SourceTitle "CBM 193 Extra"]
[Source "ChessBase"]
[SourceDate "2020.01.31"]
[SourceVersion "1"]
[SourceVersionDate "2020.01.31"]
[SourceQuality "1"]

1. e4 c5 2. c3 a6 3. Nf3 Nf6 4. e5 Nd5 5. d4 d6 6. c4 Nc7 7. dxc5 dxc5 8. Qxd8+ Kxd8 9. Be3 b6 10. Nc3 Bb7 11. 0-0-0+ Ke8 12. Na4 Ne6 13. Nxb6 Ra7 14. Be2 Bc6 15. Rd3 Rb7 16. Nd5 h6 17. Nd2 g5 18. g3 h5 19. f4 h4 20. Rd1 hxg3 21. hxg3 Rh3 22. Ne4 gxf4 23. Nxc5 fxe3 24. Nxb7 f5 25. Na5 Kf7 26. Rb3 Ba4 27. Rxb8 Bxd1 28. Kxd1 Nd4 29. e6+ Nxe6 30. Nxe3 Nd4 31. c5 Bh6 32. Nf1 f4 33. c6 Nxc6 34. Nxc6 fxg3 35. Bf3 Bf4 36. Ra8 Bd6 37. Rxa6 Rh4 38. b4 Rc4 39. b5 Bf4 40. Ra7 Rc1+ 41. Ke2 Rc2+ 42. Kd3 Rf2 43. Bd5+ Kf6 44. Nxg3 Rd2+ 45. Kc4 Bxg3 46. Rxe7 1-0

[Event "Almaty op"]
[Site "Almaty"]
[Date "2019.10.11"]
[Round "6"]
[White "Baimurzin, Aitkazy"]
[Black "Zhakshylykov, Erzhan"]
[Result "1-0"]
[WhiteElo "2116"]
[BlackElo "1917"]
[PlyCount "95"]
[EventDate "2019.10.07"]
[EventType "swiss"]
[EventRounds "9"]
[EventCountry "KAZ"]
[SourceTitle "EXT 2020"]
[Source "ChessBase"]
[SourceDate "2019.10.17"]
[SourceVersion "1"]
[SourceVersionDate "2019.10.17"]
[SourceQuality "1"]

1. c4 Nf6 2. g3 g6 3. Bg2 Bg7 4. Nc3 c6 5. e4 d6 6. d4 Nbd7 7. Nge2 0-0 8. 0-0 e5 9. h3 Re8 10. d5 cxd5 11. cxd5 a6 12. a4 b6 13. b4 Bb7 14. Be3 Rc8 15. Qd2 Rc4 16. Rab1 Qc7 17. Rfc1 Rc8 18. f3 Ne8 19. g4 f5 20. Na2 Rxc1+ 21. Rxc1 Qd8 22. Bf1 Rxc1 23. Qxc1 f4 24. Bf2 Bf6 25. Qe1 g5 26. Nec3 Qc7 27. Bd3 h6 28. Kg2 Kg7 29. Qf1 Qc8 30. Qb1 Bd8 31. Qb2 Kg8 32. Nc1 Kg7 33. Nb3 Qc7 34. Nb1 Kg8 35. Na3 Qb8 36. Qe2 Qc8 37. Nc4 Bc7 38. a5 b5 39. Nb6 Qd8 40. Bxb5 axb5 41. Qxb5 Nb8 42. Qa4 Bxb6 43. axb6 Nd7 44. Qa7 Qc8 45. Na5 Bxd5 46. exd5 Nb8 47. b7 Qc7 48. Nc6 1-0

[Event "Almaty op"]
[Site "Almaty"]
[Date "2019.10.08"]
[Round "2"]
[White "Harutyunian, Tigran K"]
[Black "Baimurzin, Aitkazy"]
[Result "1-0"]
[WhiteElo "2555"]
[BlackElo "2116"]
[PlyCount "63"]
[EventDate "2019.10.07"]
[EventType "swiss"]
[EventRounds "9"]
[EventCountry "KAZ"]
[SourceTitle "EXT 2020"]
[Source "ChessBase"]
[SourceDate "2019.10.17"]
[SourceVersion "1"]
[SourceVersionDate "2019.10.17"]
[SourceQuality "1"]

1. Nf3 e6 2. g3 b5 3. Bg2 Bb7 4. 0-0 c5 5. d3 d6 6. e4 Nd7 7. a4 b4 8. a5 Rb8 9. Nbd2 Ngf6 10. Nc4 Qc7 11. Re1 Be7 12. e5 dxe5 13. Nfxe5 Bxg2 14. Kxg2 Nxe5 15. Rxe5 0-0 16. Bf4 Qb7+ 17. Qf3 Rfd8 18. Qxb7 Rxb7 19. a6 Rbd7 20. Bg5 b3 21. cxb3 Rxd3 22. Na5 R8d5 23. Rxd5 Rxd5 24. Nc6 Rd7 25. Ra5 Bf8 26. Rb5 Rc7 27. Na5 Nd5 28. Rb7 f6 29. Bd2 Be7 30. Nc4 Rc6 31. Rxa7 Nc7 32. Na5 1-0

[Event "Wch Seniors 50 28th"]
[Site "Bled"]
[Date "2018.11.26"]
[Round "8"]
[White "Namyslo, Holger"]
[Black "Baimurzin, Aitkazy"]
[Result "1-0"]
[WhiteElo "2254"]
[BlackElo "2154"]
[PlyCount "152"]
[EventDate "2018.11.18"]
[EventType "swiss"]
[EventRounds "11"]
[EventCountry "SLO"]
[SourceTitle "CBM 187 Extra"]
[Source "ChessBase"]
[SourceDate "2018.11.04"]
[SourceVersion "1"]
[SourceVersionDate "2018.11.04"]
[SourceQuality "1"]

1. e4 g6 2. d4 Bg7 3. Nf3 a6 4. Bc4 d6 5. 0-0 b5 6. Bb3 Bb7 7. Qe2 e6 8. c3 Ne7 9. Re1 h6 10. Nbd2 0-0 11. Nf1 Nd7 12. Ng3 Kh7 13. h4 c5 14. Be3 Qc7 15. Bc2 e5 16. d5 c4 17. Rad1 a5 18. a3 Ba6 19. Qd2 Rab8 20. Ra1 Ng8 21. h5 Ngf6 22. Qe2 Bc8 23. hxg6+ fxg6 24. Nh2 Nc5 25. Rf1 Bd7 26. f4 Ng8 27. f5 Be8 28. Rf2 Nd7 29. Raf1 g5 30. Nh5 Ngf6 31. Nxf6+ Bxf6 32. Qf3 Kg7 33. Qh3 Rh8 34. Qg3 Kf7 35. Bd2 Ke7 36. Ng4 Bf7 37. Ra1 Nc5 38. Kf1 Rbg8 39. Ke2 h5 40. Nxf6 Kxf6 41. Rh1 Qb8 42. Qe3 Nd7 43. g3 Qb6 44. Rfh2 Qxe3+ 45. Bxe3 Rg7 46. Bf2 Ke7 47. Ra1 Rb8 48. Rhh1 Rb7 49. Be1 Be8 50. Ke3 Nf6 51. Bd1 Rh7 52. Be2 Kd8 53. Bd2 Kc7 54. Kf3 Rg7 55. Rhb1 Bd7 56. b3 g4+ 57. Ke3 cxb3 58. Rxb3 Rg8 59. c4 a4 60. Rb4 Rgb8 61. cxb5 Bxb5 62. Rc1+ Kd8 63. Rcb1 Bxe2 64. Rxb7 Rxb7 65. Rxb7 Bf3 66. Rb4 Bd1 67. Kd3 Nd7 68. Bg5+ Ke8 69. Ke3 Nc5 70. Rb6 Bf3 71. Rxd6 Nxe4 72. Re6+ Kf8 73. Bh4 Nc3 74. Rxe5 Nxd5+ 75. Kd4 Nb6 76. f6 Nc8 1-0

[Event "Wch Seniors 50 28th"]
[Site "Bled"]
[Date "2018.11.25"]
[Round "7"]
[White "Baimurzin, Aitkazy"]
[Black "Arkell, Keith C"]
[Result "0-1"]
[WhiteElo "2154"]
[BlackElo "2443"]
[PlyCount "110"]
[EventDate "2018.11.18"]
[EventType "swiss"]
[EventRounds "11"]
[EventCountry "SLO"]
[SourceTitle "CBM 187 Extra"]
[Source "ChessBase"]
[SourceDate "2018.11.04"]
[SourceVersion "1"]
[SourceVersionDate "2018.11.04"]
[SourceQuality "1"]

1. c4 e5 2. Nf3 Nc6 3. Nc3 f5 4. d3 Nf6 5. a3 d6 6. g3 g6 7. Bg2 Bg7 8. 0-0 0-0 9. Rb1 h6 10. b4 g5 11. b5 Ne7 12. Nd2 Ng6 13. Qb3 Kh8 14. a4 Nd7 15. a5 Nc5 16. Qc2 a6 17. Ba3 Ne6 18. Nb3 Nd4 19. Nxd4 exd4 20. Nd5 axb5 21. cxb5 Rxa5 22. Bb4 Rxb5 23. Qxc7 Be5 24. Qc4 Bd7 25. Nc7 Rb6 26. Ne6 Bxe6 27. Qxe6 Qe8 28. Qxe8 Rxe8 29. Bd2 Ra6 30. Rxb7 Ra2 31. Rd1 Re7 32. Rb8+ Kg7 33. Bd5 Rc2 34. Kf1 g4 35. Bb3 Rcc7 36. Ra1 Rb7 37. Rxb7 Rxb7 38. Bd5 Rc7 39. Ke1 h5 40. Ra6 h4 41. Ba5 Rc1+ 42. Kd2 Rf1 43. f4 Nxf4 44. Ra7+ Kh6 45. gxf4 Bxf4+ 46. Kc2 Bxh2 47. Bd8 h3 48. Be7 Be5 49. Bxd6 Bxd6 50. Ra6 h2 51. Rxd6+ Kg5 52. Rd8 h1Q 53. Bxh1 Rxh1 54. Rxd4 g3 55. Rd8 Rh6 0-1

[Event "Wch Seniors 50 28th"]
[Site "Bled"]
[Date "2018.11.20"]
[Round "3"]
[White "Baimurzin, Aitkazy"]
[Black "Berend, Fred"]
[Result "0-1"]
[WhiteElo "2154"]
[BlackElo "2369"]
[PlyCount "110"]
[EventDate "2018.11.18"]
[EventType "swiss"]
[EventRounds "11"]
[EventCountry "SLO"]
[SourceTitle "CBM 187 Extra"]
[Source "ChessBase"]
[SourceDate "2018.11.04"]
[SourceVersion "1"]
[SourceVersionDate "2018.11.04"]
[SourceQuality "1"]

1. c4 e5 2. Nc3 Bb4 3. g3 Nf6 4. Bg2 0-0 5. Nf3 Re8 6. 0-0 e4 7. Ne1 d6 8. Nc2 Bxc3 9. dxc3 h6 10. Ne3 Be6 11. f4 exf3 12. exf3 Qc8 13. g4 Nbd7 14. h3 Nb6 15. b3 a5 16. Qd4 Qb8 17. f4 a4 18. Rb1 axb3 19. axb3 Ra2 20. Bb2 Qa7 21. Rf2 Bd7 22. Rbf1 Bc6 23. Nf5 Nbd7 24. g5 Bxg2 25. Kxg2 Qxd4 26. cxd4 Nh5 27. Kf3 d5 28. Ne3 hxg5 29. fxg5 Ng3 30. Rd1 Ne4 31. Rg2 dxc4 32. Nxc4 b5 33. Ne5 Nxe5+ 34. dxe5 Nxg5+ 35. Kg4 Ne6 36. Rgd2 c5 37. Bc1 Rxd2 38. Rxd2 Nd4 39. Rd3 Rxe5 40. Be3 Re4+ 41. Kg5 Ne6+ 42. Kf5 Rh4 43. Bg1 c4 44. bxc4 bxc4 45. Ra3 Kh7 46. Ke5 Rh5+ 47. Kd6 Nf4 48. Ra4 Nxh3 49. Bd4 Rh4 50. Rxc4 Ng5 51. Rb4 Kg6 52. Kd5 Ne6 53. Bc3 Rxb4 54. Bxb4 Kf5 55. Bd2 g5 0-1

[Event "Wch Seniors 50 27th"]
[Site "Acqui Terme"]
[Date "2017.11.10"]
[Round "4"]
[White "Buchal, Stephan"]
[Black "Baimurzin, Aitkazy"]
[Result "1/2-1/2"]
[WhiteElo "2347"]
[BlackElo "2170"]
[PlyCount "115"]
[EventDate "2017.11.07"]
[EventType "swiss"]
[EventRounds "11"]
[EventCountry "ITA"]
[SourceTitle "CBM 181 Extra"]
[Source "ChessBase"]
[SourceDate "2017.12.12"]
[SourceVersion "1"]
[SourceVersionDate "2017.12.12"]
[SourceQuality "1"]

1. e4 a6 2. d4 b5 3. Nf3 Bb7 4. Bd3 Nf6 5. Qe2 e6 6. a4 b4 7. Nbd2 d6 8. 0-0 Be7 9. e5 Nd5 10. Ne4 Nd7 11. Bd2 h6 12. c4 bxc3 13. bxc3 dxe5 14. Rfb1 Qc8 15. dxe5 a5 16. Ng3 Nc5 17. Bb5+ Kf8 18. Nd4 c6 19. Bc4 Qc7 20. f4 g6 21. Rf1 Nb6 22. Ba2 Ba6 23. c4 Nd5 24. Nb5 cxb5 25. cxd5 b4 26. Qf3 exd5 27. Qxd5 Bd8 28. Rfc1 Bb7 29. Qxc5+ Qxc5+ 30. Rxc5 Bb6 31. Be3 Kg7 32. Nf1 Bxc5 33. Bxc5 Rhc8 34. Bf2 Rc3 35. e6 f6 36. Rd1 Bc6 37. Bd5 Bxa4 38. Bxa8 Bxd1 39. Ne3 Rc1 40. Be1 Bb3 41. Kf2 Bxe6 42. Bd2 Rc8 43. Be4 Rb8 44. Nc2 f5 45. Bd3 Kf7 46. Ke3 b3 47. Na3 a4 48. Bc3 b2 49. Nb1 Ba2 50. Bc2 Ke7 51. Be5 Bxb1 52. Bxb1 Rb3+ 53. Kd2 a3 54. Kc2 Rb6 55. Bc3 Kd6 56. Ba2 Kc5 57. Bg7 h5 58. Bf8+ 1/2-1/2

[Event "Wch Seniors 50 26th"]
[Site "Marianske Lazne"]
[Date "2016.11.27"]
[Round "8"]
[White "Chan, Peng Kong"]
[Black "Baimurzin, Aitkazy"]
[Result "0-1"]
[WhiteElo "2233"]
[BlackElo "2132"]
[PlyCount "86"]
[EventDate "2016.11.19"]
[EventType "swiss"]
[EventRounds "11"]
[EventCountry "CZE"]
[SourceTitle "CBM 175 Extra"]
[Source "ChessBase"]
[SourceDate "2016.12.12"]
[SourceVersion "1"]
[SourceVersionDate "2016.12.12"]
[SourceQuality "1"]

1. d4 d6 2. Nf3 Nf6 3. g3 g6 4. Bg2 Bg7 5. 0-0 0-0 6. c4 Nc6 7. Nc3 a6 8. Qd3 Rb8 9. d5 Na7 10. a4 c5 11. a5 b5 12. axb6 Rxb6 13. h3 Nd7 14. Kh2 Rb4 15. Ra3 h6 16. b3 Rb8 17. Bd2 Bb7 18. Re1 Re8 19. e4 e5 20. Ng1 Rf8 21. Nge2 f5 22. exf5 gxf5 23. f4 Nc8 24. Qc2 Qf6 25. Raa1 Ne7 26. Rf1 Qg6 27. Rae1 h5 28. Ng1 e4 29. h4 Nf6 30. Nd1 Ng4+ 31. Kh1 Bd4 32. Nh3 Bc8 33. Ng5 Bd7 34. Bh3 Rb7 35. Bxg4 hxg4 36. Ne3 Rfb8 37. Rb1 Qf6 38. Rfd1 Ng6 39. Kg2 Nf8 40. Rh1 a5 41. Rhc1 a4 42. Bc3 Rxb3 43. Rxb3 Rxb3 0-1

[Event "Wch Seniors 50 26th"]
[Site "Marianske Lazne"]
[Date "2016.11.22"]
[Round "4"]
[White "Becvar, Miroslav"]
[Black "Baimurzin, Aitkazy"]
[Result "0-1"]
[WhiteElo "1834"]
[BlackElo "2132"]
[PlyCount "82"]
[EventDate "2016.11.19"]
[EventType "swiss"]
[EventRounds "11"]
[EventCountry "CZE"]
[SourceTitle "CBM 175 Extra"]
[Source "ChessBase"]
[SourceDate "2016.12.12"]
[SourceVersion "1"]
[SourceVersionDate "2016.12.12"]
[SourceQuality "1"]

1. e4 c5 2. f4 g6 3. Nf3 Bg7 4. c3 b6 5. Bc4 Bb7 6. d3 e6 7. 0-0 Ne7 8. Be3 a6 9. Nbd2 0-0 10. Qe1 Nbc6 11. a3 Rc8 12. Rd1 d5 13. Ba2 Qd7 14. e5 d4 15. cxd4 Nxd4 16. Nc4 Bxf3 17. gxf3 Nd5 18. Bxd4 cxd4 19. Nd6 Ne3 20. Rb1 Rc6 21. Rf2 Rxd6 22. exd6 Qxd6 23. b4 Qxf4 24. Rc1 Be5 25. Rc6 Qh4 26. Qe2 Rb8 27. Bc4 a5 28. b5 a4 29. Ba2 Kg7 30. Bb1 Bf4 31. Rg2 Qh5 32. Rg4 Nxg4 33. fxg4 Qxb5 34. Qc2 Be3+ 35. Kf1 Qd5 36. Qg2 Qb3 37. Bc2 Qxa3 38. Qg3 Qc1+ 39. Kg2 Qg1+ 40. Kf3 Qxg3+ 41. Kxg3 b5 0-1

[Event "Asia-ch Seniors 50"]
[Site "Mandalay"]
[Date "2016.10.29"]
[Round "3"]
[White "Santoso, Timotius Wibowo"]
[Black "Baimurzin, Aitkazy"]
[Result "1/2-1/2"]
[WhiteElo "1861"]
[BlackElo "2132"]
[PlyCount "76"]
[EventDate "2016.10.26"]
[EventType "swiss"]
[EventRounds "9"]
[EventCountry "MYA"]
[SourceTitle "CBM 175 Extra"]
[Source "ChessBase"]
[SourceDate "2016.12.12"]
[SourceVersion "1"]
[SourceVersionDate "2016.12.12"]
[SourceQuality "1"]

1. d4 Nf6 2. c4 c5 3. d5 a6 4. a4 e6 5. Nc3 exd5 6. Nxd5 Nxd5 7. Qxd5 Be7 8. Nf3 Nc6 9. Bd2 0-0 10. Bc3 d6 11. e3 Bf6 12. Qd2 Bf5 13. Bd3 Bxc3 14. Qxc3 Bxd3 15. Qxd3 Nb4 16. Qc3 Re8 17. 0-0 Re6 18. Rfd1 Qe7 19. Rd2 Rf8 20. Ne1 f5 21. g3 g5 22. Nd3 f4 23. exf4 Nxd3 24. Rxd3 gxf4 25. gxf4 Rxf4 26. Rg3+ Rg6 27. Re1 Qf7 28. Qd2 Rd4 29. Qa5 Qd7 30. Ree3 Rxc4 31. Qe1 Kf7 32. Ref3+ Kg7 33. Re3 Kf7 34. Ref3+ Kg8 35. Re3 Kf7 36. Ref3+ Kg8 37. Re3 Rf4 38. Re7 Qc6 1/2-1/2

[Event "Asia-ch Seniors 50"]
[Site "Mandalay"]
[Date "2016.10.28"]
[Round "2"]
[White "Baimurzin, Aitkazy"]
[Black "Myo, Zaw Min"]
[Result "0-1"]
[WhiteElo "2132"]
[BlackElo "2286"]
[PlyCount "150"]
[EventDate "2016.10.26"]
[EventType "swiss"]
[EventRounds "9"]
[EventCountry "MYA"]
[SourceTitle "CBM 175 Extra"]
[Source "ChessBase"]
[SourceDate "2016.12.12"]
[SourceVersion "1"]
[SourceVersionDate "2016.12.12"]
[SourceQuality "1"]

1. c4 Nf6 2. g3 d6 3. Bg2 e5 4. Nc3 Be7 5. e3 0-0 6. Nge2 c6 7. 0-0 Nbd7 8. d4 Qc7 9. b3 Re8 10. Bb2 Bf8 11. Qc2 a6 12. Rad1 b6 13. h3 Bb7 14. g4 h6 15. Ng3 exd4 16. exd4 d5 17. Bc1 Bd6 18. Nf5 Bf4 19. Rfe1 Bxc1 20. Qxc1 Nf8 21. cxd5 cxd5 22. Ne4 Qd8 23. Nxf6+ Qxf6 24. Qc7 Reb8 25. Re7 Ng6 26. Rd7 Bc8 27. Rd8+ Kh7 28. Nd6 Bxg4 29. Rxb8 Rxb8 30. hxg4 Rf8 31. Nf5 Qg5 32. Ne3 f5 33. gxf5 Nf4 34. Qc2 Kh8 35. Re1 g6 36. Kf1 gxf5 37. Qc7 Rg8 38. Qe5+ Rg7 39. Qxf5 Qxf5 40. Nxf5 Rxg2 41. Re8+ Kh7 42. Re7+ Kh8 43. Nxh6 Rh2 44. Nf7+ Kg8 45. Ke1 Rh7 46. Rb7 Rxf7 47. Rxb6 Re7+ 48. Kd1 Re6 49. Rb7 Kf8 50. b4 Ke8 51. a4 Re4 52. a5 Rxd4+ 53. Kc2 Rc4+ 54. Kd2 Ne6 55. b5 Nc5 56. bxa6 Nxa6 57. Rb5 Nc7 58. Rb7 Kd7 59. a6 Ra4 60. Rb1 Rxa6 61. Rh1 Ra3 62. Rh6 Ne6 63. Rf6 Ke7 64. Rh6 Kd6 65. Rf6 Ke5 66. Rh6 Nf4 67. Rh8 Ke4 68. Re8+ Kd4 69. Rh8 Ra2+ 70. Ke1 Nd3+ 71. Kd1 Nxf2+ 72. Kc1 Kd3 73. Rh5 d4 74. Kb1 Ra6 75. Rf5 Ke4 0-1

[Event "Pavlodar op"]
[Site "Pavlodar"]
[Date "2015.12.16"]
[Round "10"]
[White "Kostenko, Petr"]
[Black "Baimurzin, Aitkazy"]
[Result "1-0"]
[WhiteElo "2420"]
[BlackElo "2140"]
[PlyCount "67"]
[EventDate "2015.12.07"]
[EventType "swiss"]
[EventRounds "10"]
[EventCountry "KAZ"]
[SourceTitle "EXT 2017"]
[Source "ChessBase"]
[SourceDate "2016.10.25"]
[SourceVersion "1"]
[SourceVersionDate "2016.10.25"]
[SourceQuality "1"]

1. e4 g6 2. f4 d6 3. Nf3 Bg7 4. d4 a6 5. c3 b6 6. Bd3 Bb7 7. 0-0 c5 8. d5 b5 9. a4 b4 10. a5 bxc3 11. bxc3 Nd7 12. Ra2 Qc7 13. c4 Nh6 14. h3 0-0 15. g4 f6 16. g5 Nf7 17. h4 Rae8 18. Rh2 e6 19. dxe6 Rxe6 20. Nc3 Qxa5 21. Nd5 Rfe8 22. Qc2 Qd8 23. Bd2 Nf8 24. Bc3 Nd7 25. Rg2 Bxd5 26. cxd5 R6e7 27. gxf6 Nxf6 28. Bxf6 Bxf6 29. h5 c4 30. Qxc4 Qb6+ 31. Kh1 Qe3 32. e5 Bxe5 33. hxg6 hxg6 34. Nh4 1-0